Seleções com 0% de aproveitamento em uma Copa do Mundo - Statistics

Estatísticas Gerais
  • Esse quiz foi jogado 122 vezes
  • A pontuação média é 32 de 44
Estatísticas das Respostas
Edições País % Correto
2022 Catar
91%
1934, 1990 e 1998 Estados Unidos
85%
2014 Austrália
84%
1986 e 2022 Canadá
83%
1954 e 1990 Coreia do Sul
81%
1930, 1950, 1954 e 1978 México
81%
2002 Arábia Saudita
80%
1934 Brasil
80%
2010 Coreia do Norte
80%
1930 e 1950 Bolívia
79%
1982 Chile
79%
2002 China
79%
1934 França
79%
1934 Argentina
78%
2006 Costa Rica
78%
1934 e 2018 Egito
78%
2018 Panamá
78%
1990 Suécia
78%
1998 Japão
76%
1982 Nova Zelândia
75%
1930 Peru
75%
1958 e 1962 Suíça
75%
1994 Marrocos
74%
1938 Noruega
73%
1938 Polônia
73%
1934 e 1938 Países Baixos
71%
1930, 1934 e 1938 Bélgica
70%
2010 e 2014 Camarões
70%
2014 Honduras
70%
1938 Índias Holandesas
70%
1974 Zaire
70%
1966 Bulgária
69%
1978 Hungria
69%
1934 Romênia
66%
1994 Grécia
65%
1986 Iraque
65%
2006 Togo
65%
1970 e 1982 El Salvador
60%
2002 Eslovênia
60%
1954 e 1970 Tchecoslováquia
60%
1974 Haiti
55%
1990 Emirados Árabes Unidos
54%
1954 Escócia
54%
2006 Sérvia e Montenegro
36%
Nenhum quiz correspondente encontrado
Distribuição das Pontuações
Porcentagem de Pessoas com Cada Pontuação
Percentil de Números Respondidos
Sua Pontuação Histórica
Você não jogou esse quiz